1314 1804 1181 1834 1707 1218 1487 1405 1366 1700 1178 1083 1678 1882 1763 1886 1127 1837 1116 1994 1840 1892 1748 1818 1648 1182 1454 1714 1727 1649 1144 1566 1223 1580 1072 1162 1786 1238 1351 1646 1573 1827 1094 1159 1135 1309 1342 1551 1278 1905 1706 1263 1121 1023 1558 1473 1499 1157 1840 1413 1124 1254 1599 1030 1938 1227 1003 1133 1992 1598 1828 1680 1370 1920 1153 1184 1055 1743 1244 1531 1710 1825 1248 1838 1115 1789 1507 1270 1305 1085 1522 1736 1709 1232 1251 1134 1521 1674 1917 BCNSPRNW ULIB Ver.6.0+V

เปลี่ยนเป็นภาษาไทย

Change to English
 แสดงรายละเอียดบรรณานุกรม
  กลับหน้าหลัก

Brief Record : Get Marc (ISO 2709) : E-mail record : QR code < ปิดหน้าต่าง
LEADER : 00000nam 2200000uu 4500
001    13399114864
003     ULIB
008    120611s2550||||th 000 0 tha d
020    ^a9789748391595
060 04 ^aWA546^bส237อ 2550
100 0  ^aสมใจ วินิจกุล
245 10 ^aอนามัยชุมชน :^bกระบวนการวินิจฉัยและการแก้ปัญหา /^cสมใจวินิจกุล
250    ^aพิมพ์ครั้งที่ 3 ปรับปรุงครั้งที่
260    ^aกรุงเทพฯ :^bภาควิชาการพยาบาลสาธารณสุขศาสตร์ วิทยาลัยพยาบาลเกื้อการุณย์,^c2550
300    ^a160 หน้า :^bภาพประกอบ ;^c26 ซม.
650  7 ^aอนามัยชุมชน
650  7 ^aอนามัยสิ่งแวดล้อม
710 2  ^aวิทยาลัยพยาบาลเกื้อการุณย์.^bภาควิชาการพยาบาลสาธารณสุขศาสตร์
945    ^p150^l0^i14381
945    ^p150^l0^i14380
945    ^p150^l0^i14538
945    ^p150^l0^i14539
995    ^aกัณชพร
999    ^aใช้งานได้ทุกระบบ
รายการนี้ยังไม่มีแท็ก
คุณยังไม่ได้ล็อกอิน คุณสามารถมีกิจกรรมร่วมกับเว็บไซต์ได้ แต่ต้องล็อกอินก่อน ::
  ล็อกอิน

รายการสื่อสารสนเทศ

ลำดับที่ ประเภท เลขเรียก/บาร์โค้ด สถานที่ สถานะ
1. วิทยาศาสตร์การแพทย์ และสุขภาพ
วิทยาศาสตร์การแพทย์ และสุขภาพ
WA546 ส237อ 2550 ฉ.3 
  Barcode: 14538
ห้องสมุดวิทยาเขตสวรรค์ประชารักษ์
►หนังสือทั่วไป
บนชั้น
2. วิทยาศาสตร์การแพทย์ และสุขภาพ
วิทยาศาสตร์การแพทย์ และสุขภาพ
WA546 ส237อ 2550 ฉ.4 
  Barcode: 14539
ห้องสมุดวิทยาเขตสวรรค์ประชารักษ์
►หนังสือทั่วไป
บนชั้น

รายการใกล้เคียง
    ผู้แต่ง [สมใจ วินิจกุล]

    หัวเรื่อง [อนามัยชุมชน]
    หัวเรื่อง [อนามัยสิ่งแวดล้อม]

BibComment


ยังไม่เคยถูกคอมเมนท์

คอมเมนท์ทรัพยากรรายการนี้
  คอมเมนท์: อนามัยชุมชน กระ..


 Copyright 2026. Bcnsprnw @Library